Metric Spaces (Record no. 16115)

MARC details
000 -LEADER
fixed length control field 00559 am a2200205 a 4500
000 - LEADER
fixed length control field BKB
001 - CONTROL NUMBER
control field 153488
005 - DATE AND TIME OF LATEST TRANSACTION
control field 20200902161103.0
008 - FIXED-LENGTH DATA ELEMENTS--GENERAL INFORMATION
fixed length control field 60908 ###
020 ## - INTERNATIONAL STANDARD BOOK NUMBER
International Standard Book Number 9780521357326
082 ## - DEWEY DECIMAL CLASSIFICATION NUMBER
Classification number 514.325
Item number C79M
100 1# - MAIN ENTRY--PERSONAL NAME
Personal name Copson, E.T.
245 1# - TITLE STATEMENT
Title Metric Spaces
Statement of responsibility, etc by E.T. Copson
260 ## - PUBLICATION, DISTRIBUTION, ETC. (IMPRINT)
Place of publication, distribution, etc Cambridge
Name of publisher, distributor, etc Cambridge University Press
Date of publication, distribution, etc 2008
300 ## - PHYSICAL DESCRIPTION
Extent 142p.
490 ## - SERIES STATEMENT
Series statement Cambridge Tracts in Mathematics
Volume number/sequential designation
630 ## - SUBJECT ADDED ENTRY--UNIFORM TITLE
Uniform title Mathemetics
690 ## - LOCAL SUBJECT ADDED ENTRY--TOPICAL TERM (OCLC, RLIN)
Topical term or geographic name as entry element Metric Spaces; Mathematics
964 ## -
--
-- ENG
--
--
--
--
--
Holdings
Withdrawn status Lost status Damaged status Not for loan Home library Current library Date acquired Total Checkouts Full call number Barcode Checked out Date last seen Price effective from Koha item type
        Central University Of Rajasthan Central University Of Rajasthan 05/09/2016   514.325 C79M 27883 01/01/2018 02/09/2020 02/09/2020 Books